[Event "SR 5. liga SE-SI 2015/2016"]
[Site "?"]
[Date "2016.11.26"]
[Round "3.1"]
[White "Visvader, Rudolf"]
[Black "Valent, Tomas"]
[Result "0-1"]
[WhiteElo "1000"]
[BlackElo "1000"]
[PlyCount "78"]
[EventDate "2016.??.??"]

1. d4 d5 2. Bf4 e6 3. e3 Nf6 4. b3 Nc6 5. Bb5 Bd7 6. Nf3 Ne4 7. O-O Bd6 8. Bd3
O-O 9. c4 Nb4 10. Bxd6 Nxd6 11. a3 Nxd3 12. Qxd3 b6 13. c5 bxc5 14. Nc3 c4 15.
bxc4 dxc4 16. Qe2 Qf6 17. Ne5 Rfd8 18. Nxc4 Bc6 19. f3 Rab8 20. a4 Bd5 21. Nxd5
exd5 22. Ne5 Nf5 23. Rfc1 Rd6 24. Rxc7 a6 25. Nd7 Qe7 26. Rac1 Rxd7 27. Rxd7
Qxd7 28. Qxa6 h6 29. Qa5 Rb2 30. e4 dxe4 31. Qa8+ Kh7 32. Qxe4 g6 33. Rc4 Nd6
34. Qd3 Nxc4 35. Qxc4 Qe7 36. h3 Qe3+ 37. Kh2 Qf4+ 38. Kh1 Rb1+ 39. Qf1 Rxf1#
0-1

[Event "SR 5. liga SE-SI 2015/2016"]
[Site "?"]
[Date "2016.11.26"]
[Round "3.1"]
[White "Kaufmanova, Karin"]
[Black "Buraj, Patrik"]
[Result "0-1"]
[WhiteElo "1000"]
[BlackElo "1000"]
[PlyCount "126"]
[EventDate "2016.??.??"]

1. e4 e5 2. Nf3 Nc6 3. Nc3 Nf6 4. Bc4 h6 5. d3 Bb4 6. O-O Bxc3 7. bxc3 d6 8.
Rb1 d5 9. exd5 Nxd5 10. Ba3 Nxc3 11. Qd2 Nxb1 12. Rxb1 Bg4 13. Qe3 Qd7 14. Bb5
f6 15. Qe4 f5 16. Bxc6 fxe4 17. Bxd7+ Kxd7 18. dxe4 b6 19. Rb3 Ke6 20. Rc3 Rac8
21. Rc6+ Kf7 22. h3 Bxf3 23. gxf3 g5 24. Bb2 Rhg8 25. Rxh6 Rg6 26. Rxg6 Kxg6
27. Bxe5 c5 28. Kg2 Rd8 29. Kg3 Rd2 30. Bb8 a6 31. Ba7 Rxc2 32. Bxb6 c4 33. a4
Ra2 34. a5 c3 35. f4 c2 36. Be3 Rxa5 37. fxg5 Rb5 38. Kg4 a5 39. Kf3 a4 40. Ke2
a3 41. Kd2 a2 42. Bd4 Rb4 43. Bc3 Rc4 44. Kxc2 Rxc3+ 45. Kxc3 a1=Q+ 46. Kd3
Kxg5 47. e5 Qa3+ 48. Kd4 Qxh3 49. Kd5 Qf3+ 50. Kd6 Qxf2 51. e6 Kf6 52. Kd7 Qe2
53. e7 Qxe7+ 54. Kc8 Qc5+ 55. Kb8 Qc2 56. Ka8 Qb2 57. Ka7 Ke6 58. Ka6 Kd6 59.
Ka5 Kc5 60. Ka6 Qb1 61. Ka7 Kc6 62. Ka8 Kc7 63. Ka7 Qa1# 0-1

[Event "SR 5. liga SE-SI 2015/2016"]
[Site "?"]
[Date "2016.11.26"]
[Round "3.2"]
[White "Moravec, Milan"]
[Black "Antalek, Rudolf"]
[Result "1/2-1/2"]
[WhiteElo "1716"]
[BlackElo "1692"]
[PlyCount "32"]
[EventDate "2016.??.??"]

1. d4 g6 2. c4 f5 3. g3 Nf6 4. Nc3 Bg7 5. Bg2 Nc6 6. e3 O-O 7. Nge2 d6 8. O-O
e5 9. d5 Ne7 10. f4 e4 11. Nd4 c6 12. dxc6 bxc6 13. Qc2 Qd7 14. Bd2 Ba6 15. Qa4
Bb7 16. b4 d5 1/2-1/2

[Event "SR 5. liga SE-SI 2015/2016"]
[Site "?"]
[Date "2016.11.26"]
[Round "3.2"]
[White "Jarabek, Milan"]
[Black "Cerovsky, Marian"]
[Result "1-0"]
[WhiteElo "1705"]
[BlackElo "1825"]
[PlyCount "77"]
[EventDate "2016.??.??"]

1. e4 e5 2. d4 exd4 3. c3 dxc3 4. Bc4 Qf6 5. Nxc3 c6 6. Nf3 h6 7. O-O b5 8. e5
Qd8 9. Bb3 Ba6 10. Re1 Bb4 11. Bxf7+ Kxf7 12. e6+ Kf8 13. Ne5 Nf6 14. e7+ Bxe7
15. Ng6+ Kf7 16. Rxe7+ Qxe7 17. Nxe7 Kxe7 18. Bf4 d5 19. Qd4 Nbd7 20. Re1+ Kf7
21. Bd6 Rhe8 22. Rxe8 Rxe8 23. h3 Nb6 24. Bc5 Nfd7 25. Qf4+ Kg8 26. Bxb6 axb6
27. Qc7 Nb8 28. Qxb6 Kh7 29. Kh2 Kg6 30. Nd1 Kf7 31. Ne3 g6 32. Ng4 h5 33. Qc7+
Kf8 34. Nh6 Re7 35. Qd8+ Kg7 36. Qxe7+ Kxh6 37. Qa7 Bc8 38. Qxb8 Bf5 39. Qf4+
1-0

[Event "SR 5. liga SE-SI 2015/2016"]
[Site "?"]
[Date "2016.11.26"]
[Round "3.2"]
[White "Damborsky, Pavol"]
[Black "Romanova, Ela"]
[Result "1-0"]
[WhiteElo "1676"]
[BlackElo "1000"]
[PlyCount "141"]
[EventDate "2016.??.??"]

1. e4 e5 2. Nf3 Nc6 3. Bc4 Bc5 4. c3 d6 5. h3 Nf6 6. d3 O-O 7. O-O Be6 8. Bxe6
fxe6 9. Bg5 Qe7 10. Nbd2 h6 11. Be3 Rad8 12. Nb3 Bxe3 13. fxe3 Qf7 14. Qe2 Qg6
15. Nh2 Rf7 16. Rf2 Rdf8 17. Raf1 Nh7 18. Qg4 Qxg4 19. Nxg4 Rxf2 20. Rxf2 Rxf2
21. Nxf2 Nf6 22. d4 a5 23. a4 b6 24. Nd2 Na7 25. dxe5 dxe5 26. Nc4 Nd7 27. Nd3
Nc6 28. b4 axb4 29. cxb4 Kf8 30. b5 Nd8 31. Ncxe5 Nxe5 32. Nxe5 Nf7 33. Nxf7
Kxf7 34. Kf2 Ke7 35. e5 Kf7 36. g4 g5 37. Ke2 Ke7 38. Kd3 Kd7 39. Kc4 c6 40.
bxc6+ Kxc6 41. e4 Kb7 42. Kb5 Kc7 43. a5 bxa5 44. Kxa5 Kc6 45. Kb4 Kd7 46. Kb5
Kc7 47. Kc5 Kd7 48. Kb6 Ke7 49. Kc7 Ke8 50. Kd6 Kd8 51. Kxe6 Ke8 52. Kf6 Kf8
53. Kg6 Ke7 54. Kxh6 Ke6 55. Kxg5 Kxe5 56. h4 Ke6 57. Kg6 Ke7 58. Kg7 Ke8 59.
h5 Ke7 60. h6 Ke6 61. h7 Ke7 62. h8=Q Ke6 63. Qh5 Ke7 64. Qg6 Kd7 65. e5 Kc7
66. Qd6+ Kb7 67. e6 Kc8 68. e7 Kb7 69. e8=R Ka7 70. Re7+ Ka8 71. Qd8# 1-0

[Event "SR 5. liga SE-SI 2015/2016"]
[Site "?"]
[Date "2016.11.26"]
[Round "3.2"]
[White "Dubanova, Kristina"]
[Black "Dubecky, Ladislav"]
[Result "0-1"]
[WhiteElo "1000"]
[BlackElo "1615"]
[PlyCount "102"]
[EventDate "2016.??.??"]

1. e4 e5 2. Nf3 d6 3. Nc3 Nf6 4. Bc4 Bg4 5. h3 Bh5 6. d3 Nc6 7. Bg5 Bxf3 8.
Qxf3 Nd4 9. Qd1 c6 10. O-O Be7 11. Ne2 Nxe2+ 12. Qxe2 O-O 13. f4 Qb6+ 14. Qf2
Qxb2 15. Rab1 Qd4 16. Rxb7 Qxf2+ 17. Rxf2 Rfe8 18. Bxf6 gxf6 19. fxe5 dxe5 20.
Rf5 Rab8 21. Rd7 Kg7 22. c3 Rb1+ 23. Kh2 Rc1 24. Bb3 Rxc3 25. Rf3 a5 26. Rg3+
Kf8 27. Bc4 Rc1 28. Bb3 Rf1 29. d4 h6 30. dxe5 fxe5 31. Bc4 Rf2 32. Kg1 Bc5 33.
Kh2 Be7 34. Kg1 Rf4 35. Ra7 Bc5+ 36. Kh2 Bxa7 37. a4 Rxe4 38. Bd3 Re1 39. Bh7
e4 40. Rg8+ Ke7 41. Rxe8+ Kxe8 42. Bxe4 Rxe4 43. g4 c5 44. Kg3 c4 45. Kh4 c3
46. Kh5 Be3 47. h4 c2 48. g5 hxg5 49. hxg5 Bxg5 50. Kxg5 c1=Q+ 51. Kf5 Qf4# 0-1

[Event "SR 5. liga SE-SI 2015/2016"]
[Site "?"]
[Date "2016.11.26"]
[Round "3.3"]
[White "Cambal, Peter"]
[Black "Kastler, Peter"]
[Result "0-1"]
[WhiteElo "1218"]
[BlackElo "1747"]
[PlyCount "34"]
[EventDate "2016.??.??"]

1. e4 e6 2. d4 d5 3. e5 c5 4. c4 Nc6 5. Nf3 dxc4 6. Be3 cxd4 7. Nxd4 Nxd4 8.
Bxd4 b5 9. Nc3 Bb4 10. Be2 Ne7 11. O-O Bxc3 12. Bxc3 Bb7 13. b3 Bd5 14. Rc1 O-O
15. Qc2 Rc8 16. Rfd1 cxb3 17. axb3 b4 0-1

[Event "SR 5. liga SE-SI 2015/2016"]
[Site "?"]
[Date "2016.11.26"]
[Round "3.3"]
[White "Zajicek, Ferdinand"]
[Black "Daniel, Dusan"]
[Result "1-0"]
[WhiteElo "1760"]
[BlackElo "1528"]
[PlyCount "75"]
[EventDate "2016.??.??"]

1. e4 e5 2. Nf3 Nc6 3. Bc4 Bc5 4. d3 d6 5. Be3 Bg4 6. h3 Bh5 7. Bxc5 dxc5 8.
Qd2 Qf6 9. Qe3 Nd4 10. Nxd4 cxd4 11. Qg3 Qf4 12. O-O Qxg3 13. fxg3 f6 14. Nd2
O-O-O 15. a4 Ne7 16. b4 Rhf8 17. b5 Rd6 18. Rfb1 f5 19. exf5 Nxf5 20. g4 Bxg4
21. hxg4 Ne3 22. Rb2 Nxg4 23. Rf1 Rdf6 24. Be6+ Rxe6 25. Rxf8+ Kd7 26. Rf7+ Re7
27. Rxe7+ Kxe7 28. Ne4 h6 29. c4 Ke6 30. a5 Nf6 31. Nc5+ Kd6 32. Nxb7+ Kd7 33.
Nc5+ Kc8 34. b6 Kb8 35. bxa7+ Kxa7 36. Rb7+ Ka8 37. Rxc7 Kb8 38. Rxg7 1-0

[Event "SR 5. liga SE-SI 2015/2016"]
[Site "?"]
[Date "2016.11.26"]
[Round "3.3"]
[White "Sefcik, Marek Ml"]
[Black "Papanek, Lubomir"]
[Result "0-1"]
[WhiteElo "1000"]
[BlackElo "1665"]
[PlyCount "70"]
[EventDate "2016.??.??"]

1. e4 e5 2. Nf3 Nc6 3. Bc4 Bc5 4. d3 Nf6 5. Bg5 h6 6. Bh4 a6 7. Nc3 Be7 8. Bg3
d6 9. h3 Na5 10. Bb3 O-O 11. O-O Nxb3 12. axb3 c6 13. Ne2 Nh5 14. Bh2 f5 15.
exf5 Bg5 16. d4 e4 17. Nxg5 Qxg5 18. Bxd6 Rxf5 19. b4 Be6 20. b3 Rd8 21. Bc7
Rd7 22. Be5 Rf3 23. Nc3 Rxc3 24. Qe1 Bd5 25. Ra5 Rxc2 26. g3 Rf7 27. Kh2 Rf3
28. Rc5 Rb2 29. b5 e3 30. Kg1 e2 31. h4 Qg4 32. Rc3 exf1=Q+ 33. Kxf1 Qh3+ 34.
Kg1 Rxc3 35. Qxc3 Qg2# 0-1

[Event "SR 5. liga SE-SI 2015/2016"]
[Site "?"]
[Date "2016.11.26"]
[Round "3.3"]
[White "Mraz, Jan"]
[Black "Bilicka, Lucia"]
[Result "1-0"]
[WhiteElo "1545"]
[BlackElo "1000"]
[PlyCount "79"]
[EventDate "2016.??.??"]

1. d4 d5 2. c4 c6 3. c5 Nd7 4. Nc3 e5 5. e3 Qe7 6. Nge2 exd4 7. exd4 Ndf6 8.
Be3 Bf5 9. b4 b5 10. a4 a6 11. axb5 Qb7 12. bxc6 Qxc6 13. Qa4 Ne7 14. Nf4 Bd7
15. Qxc6 Bxc6 16. Rxa6 Rb8 17. b5 Ne4 18. Nxe4 dxe4 19. bxc6 Nc8 20. Be2 Be7
21. O-O O-O 22. g3 g5 23. Nd5 Bd8 24. c7 Rb2 25. cxd8=Q Rxd8 26. Nc3 Ne7 27.
Rb1 Rc2 28. Ra3 Nd5 29. Nxd5 Rxe2 30. Nf6+ Kg7 31. Nxe4 g4 32. Rab3 Ra8 33.
R3b2 Rxb2 34. Rxb2 f5 35. Nd2 Kg6 36. c6 h5 37. c7 Rc8 38. Bf4 h4 39. Rb8 Re8
40. Rxe8 1-0

[Event "SR 5. liga SE-SI 2015/2016"]
[Site "?"]
[Date "2016.11.26"]
[Round "3.4"]
[White "Benak, Peter"]
[Black "Ralbovsky, Dominik"]
[Result "1-0"]
[WhiteElo "1588"]
[BlackElo "1000"]
[PlyCount "57"]
[EventDate "2016.??.??"]

1. e4 e5 2. Nf3 Nc6 3. Bc4 h6 4. O-O d6 5. Nc3 Nf6 6. d3 Bg4 7. Be3 Qd7 8. Nd5
O-O-O 9. a3 Nh5 10. b4 a6 11. c3 g5 12. a4 f5 13. b5 f4 14. bxc6 Qxc6 15. Bd2
b5 16. axb5 axb5 17. Nb4 bxc4 18. Nxc6 cxd3 19. Nxd8 Kxd8 20. Ra8+ Ke7 21. Qb3
Bxf3 22. gxf3 Nf6 23. Rfa1 g4 24. fxg4 Nxe4 25. R1a7 Kf6 26. Rxc7 Nxd2 27. Qf7+
Kg5 28. Qf5+ Kh4 29. Qh5# 1-0

[Event "SR 5. liga SE-SI 2015/2016"]
[Site "?"]
[Date "2016.11.26"]
[Round "3.4"]
[White "Hyza, Richard"]
[Black "Svrcek, Daniel"]
[Result "0-1"]
[WhiteElo "1000"]
[BlackElo "1312"]
[PlyCount "116"]
[EventDate "2016.??.??"]

1. e4 e6 2. Nf3 d5 3. Nc3 dxe4 4. Nxe4 Nf6 5. Nc3 Bb4 6. Bc4 O-O 7. d3 b6 8.
O-O Bb7 9. a3 Bxc3 10. bxc3 Nbd7 11. Be3 c5 12. d4 Qc7 13. Bd3 c4 14. Be2 Rfd8
15. Qd2 Nc5 16. Qd1 Ng4 17. g3 Nxe3 18. fxe3 Ne4 19. Qe1 b5 20. Rb1 Rab8 21.
Kg2 Bc6 22. Kg1 f6 23. Kg2 Qa5 24. Ra1 Qxc3 25. Qxc3 Nxc3 26. Kf2 Nxe2 27. Kxe2
Be4 28. Kd2 Rdc8 29. c3 Rd8 30. Ke1 a5 31. Rf2 b4 32. axb4 axb4 33. cxb4 Rxb4
34. Kd1 e5 35. Rc1 exd4 36. exd4 Bxf3+ 37. Rxf3 Rxd4+ 38. Ke2 Rb2+ 39. Ke1 Rxh2
40. Rf1 Rg2 41. Rf3 Rg1+ 42. Rf1 Rxf1+ 43. Kxf1 Kf7 44. Ke2 Rg4 45. Kf3 Rd4 46.
Ke3 Rd3+ 47. Kf2 c3 48. g4 Kg6 49. Ke2 Rg3 50. Kf2 Rxg4 51. Rxc3 h5 52. Re3 Kg5
53. Re8 g6 54. Kf3 f5 55. Rg8 Kh4 56. Ke3 Kh3 57. Kf3 h4 58. Rh8 g5 0-1

[Event "SR 5. liga SE-SI 2015/2016"]
[Site "?"]
[Date "2016.11.26"]
[Round "3.4"]
[White "Horak, Viliam"]
[Black "Daniel, Jakub"]
[Result "1-0"]
[WhiteElo "1239"]
[BlackElo "1000"]
[PlyCount "95"]
[EventDate "2016.??.??"]

1. d4 d5 2. c4 e6 3. Nc3 Nf6 4. Bg5 Be7 5. Nf3 O-O 6. e3 Re8 7. Bd3 Nbd7 8. O-O
Nf8 9. Qc2 b6 10. Ne5 Bb7 11. Rac1 dxc4 12. Bxc4 a5 13. Bd3 Ba6 14. Nc6 Qd6 15.
Nxe7+ Qxe7 16. Bb5 Bxb5 17. Nxb5 Rac8 18. Qd3 e5 19. Rc2 exd4 20. exd4 c6 21.
Na3 Ne6 22. Bh4 Nf4 23. Qb3 Qe4 24. Qf3 Qf5 25. Kh1 Qg4 26. Bxf6 Qf5 27. Be5 g5
28. g3 Qh3 29. Rg1 Nd5 30. Qg2 g4 31. Qxh3 gxh3 32. Nc4 Re6 33. a3 b5 34. Ne3
Nxe3 35. fxe3 f6 36. Bf4 b4 37. axb4 axb4 38. b3 h5 39. g4 h4 40. g5 Kf7 41.
gxf6 Rxf6 42. Rg4 Ra8 43. Rb2 Ra1+ 44. Rg1 Rxg1+ 45. Kxg1 Rg6+ 46. Kf1 Rg2 47.
Rxg2 hxg2+ 48. Kxg2 1-0

[Event "SR 5. liga SE-SI 2015/2016"]
[Site "?"]
[Date "2016.11.26"]
[Round "3.4"]
[White "Lanza, Matej"]
[Black "Sefcik, Oliver"]
[Result "0-1"]
[WhiteElo "1000"]
[BlackElo "1113"]
[PlyCount "108"]
[EventDate "2016.??.??"]

1. d4 e6 2. Nf3 d5 3. Nc3 c5 4. dxc5 Bxc5 5. e3 Nc6 6. Bb5 Bd7 7. O-O Nf6 8.
Na4 Bd6 9. Bd2 O-O 10. Qe1 Rc8 11. Ba5 Nxa5 12. Bxd7 Nxd7 13. Nd4 a6 14. Qd1
Nc5 15. Nxc5 Bxc5 16. Nb3 Nxb3 17. cxb3 Bd6 18. f4 f6 19. Rf3 Bc5 20. Rh3 e5
21. Qd3 g6 22. Qe2 exf4 23. Qf2 Bxe3 24. Rxe3 fxe3 25. Qxe3 Rc2 26. Qe6+ Rf7
27. Rd1 d4 28. Qe4 Rd7 29. Qxc2 d3 30. Qc4+ Kg7 31. Rf1 d2 32. Rd1 Re7 33. Qc3
Rd7 34. a4 g5 35. b4 b6 36. b5 a5 37. b4 axb4 38. Qxb4 f5 39. a5 Kg6 40. axb6
Qxb6+ 41. Kh1 Qf2 42. Qa5 Qe2 43. Qb6+ Kh5 44. Ra1 d1=Q+ 45. Qg1 Qxg1+ 46. Rxg1
Rd1 47. h3 Rxg1+ 48. Kxg1 Qxb5 49. g4+ fxg4 50. hxg4+ Kxg4 51. Kf2 Qd3 52. Kg2
Qe2+ 53. Kg1 Kg3 54. Kh1 Qg2# 0-1

[Event "SR 5. liga SE-SI 2015/2016"]
[Site "?"]
[Date "2016.11.26"]
[Round "3.4"]
[White "Bartosik, Rafael"]
[Black "Moravek, Peter"]
[Result "1-0"]
[WhiteElo "1000"]
[BlackElo "1000"]
[PlyCount "43"]
[EventDate "2016.??.??"]

1. e4 e5 2. Nf3 Nf6 3. Nc3 Bb4 4. Bc4 O-O 5. O-O a5 6. d3 d6 7. Be3 Ra6 8. Bxa6
bxa6 9. Qd2 Bb7 10. a3 h6 11. axb4 axb4 12. Na2 c5 13. Nh4 g5 14. Nf5 Qd7 15.
Nxh6+ Kh7 16. Bxg5 Qe7 17. Nf5 Rg8 18. Nxe7 Rxg5 19. Qxg5 Nfd7 20. Qg8+ Kh6 21.
Qxf7 Bc6 22. Qg6# 1-0

[Event "SR 5. liga SE-SI 2015/2016"]
[Site "?"]
[Date "2016.12.10"]
[Round "4.1"]
[White "Kastler, Peter"]
[Black "Benak, Peter"]
[Result "1-0"]
[WhiteElo "1751"]
[BlackElo "1579"]
[PlyCount "89"]
[EventDate "2016.??.??"]

1. d4 Nf6 2. c4 e6 3. Nf3 d5 4. e3 c5 5. Nc3 Nc6 6. cxd5 Nxd5 7. Bb5 Nxc3 8.
bxc3 cxd4 9. Nxd4 Bd7 10. Qa4 Nxd4 11. cxd4 a6 12. Bxd7+ Qxd7 13. Qb3 Bd6 14.
Ba3 b5 15. Rc1 O-O 16. Bxd6 Qxd6 17. O-O Rfc8 18. Rc2 Rc6 19. Rfc1 Rac8 20. g3
g6 21. a4 Rxc2 22. Rxc2 Rxc2 23. Qxc2 bxa4 24. Qxa4 Qb6 25. Kf1 Qb5+ 26. Qxb5
axb5 27. Ke2 Kf8 28. Kd3 Ke7 29. Kc3 Kd6 30. e4 f5 31. f3 g5 32. g4 fxg4 33.
fxg4 h6 34. Kb4 Kc6 35. Ka5 e5 36. d5+ Kc5 37. d6 Kxd6 38. Kxb5 Kd7 39. Kc5 Ke6
40. Kc6 Ke7 41. Kd5 Kf6 42. Kd6 Kf7 43. Kxe5 Ke7 44. Kf5 Kf7 45. e5 1-0

[Event "SR 5. liga SE-SI 2015/2016"]
[Site "?"]
[Date "2016.12.10"]
[Round "4.1"]
[White "Svrcek, Daniel"]
[Black "Papanek, Lubomir"]
[Result "0-1"]
[WhiteElo "1304"]
[BlackElo "1655"]
[PlyCount "72"]
[EventDate "2016.??.??"]

1. e4 e5 2. Nf3 Nc6 3. Bb5 a6 4. Ba4 Nf6 5. d3 b5 6. Bb3 Be7 7. c3 d6 8. Bg5
Na5 9. Bc2 c5 10. Nbd2 Nc6 11. O-O h6 12. Bh4 O-O 13. a3 Be6 14. Bb3 Qc7 15.
Qc2 d5 16. exd5 Bxd5 17. Bxd5 Nxd5 18. Bxe7 Qxe7 19. Rfe1 f6 20. c4 Nf4 21.
cxb5 axb5 22. Qb3+ Kh8 23. Qxb5 Nd4 24. Nxd4 cxd4 25. Qc4 Rfc8 26. Qa2 Nxd3 27.
Red1 Qb7 28. b3 Nf4 29. f3 Ne2+ 30. Kh1 Nc3 31. Qb2 Nxd1 32. Rxd1 Rc3 33. Rb1
Rac8 34. Nc4 R8xc4 35. bxc4 Qxb2 36. Rxb2 Rc1# 0-1

[Event "SR 5. liga SE-SI 2015/2016"]
[Site "?"]
[Date "2016.12.10"]
[Round "4.1"]
[White "Mraz, Jan"]
[Black "Sefcik, Oliver"]
[Result "1-0"]
[WhiteElo "1567"]
[BlackElo "1113"]
[PlyCount "51"]
[EventDate "2016.??.??"]

1. d4 e6 2. c4 d5 3. Nc3 Nf6 4. c5 b6 5. b4 c6 6. e3 Bb7 7. Bd3 Be7 8. Nf3 Nbd7
9. O-O O-O 10. Qc2 g6 11. Bd2 Re8 12. Rfe1 Bf8 13. e4 Bg7 14. Bg5 Qc7 15. e5
Nh5 16. g4 f6 17. Bd2 fxe5 18. gxh5 e4 19. Nxe4 dxe4 20. Rxe4 Nf6 21. Rh4 gxh5
22. Bf4 Qf7 23. Ne5 Qe7 24. Bg5 Kh8 25. Re1 h6 26. Ng6+ 1-0

[Event "SR 5. liga SE-SI 2015/2016"]
[Site "?"]
[Date "2016.12.10"]
[Round "4.1"]
[White "Cermak, Lukas"]
[Black "Ralbovsky, Milan"]
[Result "0-1"]
[WhiteElo "1000"]
[BlackElo "1523"]
[PlyCount "72"]
[EventDate "2016.??.??"]

1. e4 e5 2. Bc4 Nf6 3. Nf3 d6 4. Nc3 a6 5. Ng5 Be6 6. d3 Bxc4 7. dxc4 h6 8. Nf3
Nc6 9. Be3 Qd7 10. Qd2 Qg4 11. O-O-O Qxg2 12. Qe2 Qg4 13. Rhg1 Qe6 14. Qd3
O-O-O 15. Na4 Nb4 16. Qb3 Nc6 17. c5 Qxb3 18. cxb3 Nxe4 19. b4 Nxb4 20. cxd6
Bxd6 21. Kb1 g5 22. Rc1 Kb8 23. a3 Nd3 24. Rc2 f5 25. Rd1 Nf4 26. Rdc1 Ng2 27.
Nd2 Nxe3 28. fxe3 Nxd2+ 29. Rxd2 f4 30. exf4 exf4 31. Rc3 Be5 32. Rb3 Rxd2 33.
Nc5 Rxb2+ 34. Rxb2 Bxb2 35. Kxb2 f3 36. Ne4 Re8 0-1

[Event "SR 5. liga SE-SI 2015/2016"]
[Site "?"]
[Date "2016.12.10"]
[Round "4.1"]
[White "Jires, Daniel"]
[Black "Bartosik, Rafael"]
[Result "1-0"]
[WhiteElo "1000"]
[BlackElo "1000"]
[PlyCount "69"]
[EventDate "2016.??.??"]

1. d4 d5 2. Bf4 Nc6 3. c3 Nf6 4. h3 Bf5 5. Nd2 e6 6. Bg5 Be7 7. Bxf6 Bxf6 8.
Qa4 O-O 9. Qd1 Qd7 10. e3 Rad8 11. Be2 e5 12. Ngf3 exd4 13. cxd4 Nb4 14. Kf1
Nc2 15. Rc1 Qc6 16. Kg1 Rfe8 17. Nb3 Re4 18. Rxc2 Qd7 19. Nc5 Qd6 20. Nxe4 Bxe4
21. Rd2 Qe6 22. Bd3 Bf5 23. Bxf5 Qxf5 24. Qc1 c6 25. Rd1 Rc8 26. Qc5 b6 27. Qc1
Be7 28. Qd2 c5 29. Re1 cxd4 30. exd4 Qf6 31. a3 a5 32. Rc1 Rd8 33. Qe3 Rd6 34.
Rc8+ Rd8 35. Rxd8+ 1-0

[Event "SR 5. liga SE-SI 2015/2016"]
[Site "?"]
[Date "2016.12.10"]
[Round "4.2"]
[White "Antalek, Rudolf"]
[Black "Cambal, Peter"]
[Result "1-0"]
[WhiteElo "1725"]
[BlackElo "1218"]
[PlyCount "23"]
[EventDate "2016.??.??"]

1. e4 c5 2. Nc3 d6 3. d3 g6 4. g3 Bg7 5. Bg2 Nf6 6. Be3 Qc7 7. f4 e6 8. Nf3 O-O
9. O-O Bd7 10. h3 b5 11. Qd2 b4 12. Ne2 {
Oba partiare su dalej chybne v notacii.} 1-0

[Event "SR 5. liga SE-SI 2015/2016"]
[Site "?"]
[Date "2016.12.10"]
[Round "4.2"]
[White "Sladek, Michal"]
[Black "Jarabek, Milan"]
[Result "0-1"]
[WhiteElo "1284"]
[BlackElo "1742"]
[PlyCount "50"]
[EventDate "2016.??.??"]

1. e4 c5 2. Nf3 d6 3. Nc3 Nf6 4. h3 g6 5. d3 Bg7 6. d4 cxd4 7. Qxd4 Nc6 8. Bb5
O-O 9. Bxc6 bxc6 10. Be3 Nd5 11. Qd2 Nxc3 12. bxc3 Ba6 13. Bd4 e5 14. Be3 d5
15. exd5 cxd5 16. Bh6 Re8 17. Bxg7 Kxg7 18. Rd1 Bc4 19. a3 Qa5 20. Ra1 Rab8 21.
Qe3 Rb2 22. Kd2 f6 23. Nh4 d4 24. Qg3 dxc3+ 25. Qxc3 Rd8+ 0-1

[Event "SR 5. liga SE-SI 2015/2016"]
[Site "?"]
[Date "2016.12.10"]
[Round "4.2"]
[White "Spanik, Ondrej"]
[Black "Daniel, Dusan"]
[Result "1/2-1/2"]
[WhiteElo "1334"]
[BlackElo "1503"]
[PlyCount "37"]
[EventDate "2016.??.??"]

1. e4 e5 2. Nf3 Nc6 3. Bb5 a6 4. Bc4 Bc5 5. d3 h6 6. Nc3 d6 7. h3 Be6 8. Bd5
Bxd5 9. Nxd5 Nf6 10. Nc3 O-O 11. O-O d5 12. exd5 Nxd5 13. Re1 Re8 14. Nxd5 Qxd5
15. Be3 Rad8 16. Bxc5 Qxc5 17. Qe2 Nd4 18. Nxd4 Qxd4 19. b3 1/2-1/2

[Event "SR 5. liga SE-SI 2015/2016"]
[Site "?"]
[Date "2016.12.10"]
[Round "4.2"]
[White "Steiner, Juraj"]
[Black "Londin, Lukas Vojtech"]
[Result "0-1"]
[WhiteElo "1000"]
[BlackElo "1209"]
[PlyCount "64"]
[EventDate "2016.??.??"]

1. c4 c5 2. Nc3 Nc6 3. g3 d6 4. Bg2 Bd7 5. e3 g6 6. Nge2 Bg7 7. d4 cxd4 8. exd4
Qb6 9. Be3 Qc7 10. O-O Nf6 11. Nb5 Qc8 12. d5 Ne5 13. b3 O-O 14. Nxa7 Qe8 15.
Rc1 Nfg4 16. Bd4 Nxh2 17. Re1 Nhf3+ 18. Kf1 Nxd4 19. Nxd4 Rxa7 20. a4 Bg4 21.
Nf3 f5 22. Rc3 Nxf3 23. Bxf3 Bxc3 24. Re3 Be5 25. Bxg4 fxg4 26. Re2 Qd7 27. Qc2
Bxg3 28. Ke1 Bf4 29. Qe4 Qf5 30. Qc2 b5 31. cxb5 Rc7 32. Qa2 Rc1# 0-1

[Event "SR 5. liga SE-SI 2015/2016"]
[Site "?"]
[Date "2016.12.10"]
[Round "4.2"]
[White "Londinova, Jasmina Marie"]
[Black "Datko, Jan"]
[Result "0-1"]
[WhiteElo "1050"]
[BlackElo "1000"]
[PlyCount "32"]
[EventDate "2016.??.??"]

1. e4 e5 2. Nf3 Nc6 3. Bc4 Bc5 4. c3 Qf6 5. O-O d6 6. Bd5 Nge7 7. c4 Bg4 8. d3
Nd4 9. Nbd2 c6 10. Bxc6+ Nexc6 11. b3 Bb4 12. h3 Bxd2 13. Bxd2 Nxf3+ 14. gxf3
Bxf3 15. Qe1 Qg6+ 16. Kh2 Qg2# 0-1

[Event "SR 5. liga SE-SI 2015/2016"]
[Site "?"]
[Date "2016.12.10"]
[Round "4.3"]
[White "Visvader, Kristof"]
[Black "Moravec, Milan"]
[Result "1-0"]
[WhiteElo "1211"]
[BlackElo "1712"]
[PlyCount "97"]
[EventDate "2016.??.??"]

1. e4 e6 2. d4 d5 3. e5 c5 4. c3 Qb6 5. Nf3 Bd7 6. a3 Bb5 7. b4 Bxf1 8. Rxf1
cxd4 9. cxd4 Ne7 10. Bb2 Ng6 11. g3 Be7 12. Nc3 O-O 13. Ke2 Nd7 14. Re1 Rfc8
15. Rc1 Rc4 16. Qd3 Rac8 17. Rc2 f6 18. exf6 Bxf6 19. Rd1 Qd8 20. Kf1 e5 21.
dxe5 Ndxe5 22. Nxe5 Bxe5 23. f4 Bxc3 24. Rxc3 Rxc3 25. Bxc3 Ne7 26. Bd4 b6 27.
Be5 Qd7 28. Bd4 Qa4 29. Ke2 Qc2+ 30. Qxc2 Rxc2+ 31. Rd2 Rxd2+ 32. Kxd2 Kf7 33.
b5 g6 34. g4 Ke6 35. Ke3 h5 36. h3 hxg4 37. hxg4 Nc8 38. Be5 Nd6 39. Bxd6 Kxd6
40. Kd4 Ke6 41. f5+ gxf5 42. gxf5+ Kxf5 43. Kxd5 Kf6 44. Kd6 Kf5 45. Kc7 Ke5
46. Kb7 Kd5 47. Kxa7 Kc5 48. a4 Kb4 49. Kxb6 1-0

[Event "SR 5. liga SE-SI 2015/2016"]
[Site "?"]
[Date "2016.12.10"]
[Round "4.3"]
[White "Cerovsky, Marian"]
[Black "Jankovic, Vit"]
[Result "1-0"]
[WhiteElo "1810"]
[BlackElo "1113"]
[PlyCount "37"]
[EventDate "2016.??.??"]

1. e4 e5 2. Nc3 Nf6 3. Bc4 Nc6 4. Nf3 d6 5. h3 Bd7 6. a3 Be7 7. d3 O-O 8. O-O
Qe8 9. Kh2 b6 10. Bg5 h6 11. Bd2 Nh5 12. Nd5 Bd8 13. Ng1 Nd4 14. Qxh5 c6 15.
Ne3 Ne6 16. Qf3 Bf6 17. Ng4 Nd4 18. Nxf6+ gxf6 19. Qxf6 1-0

[Event "SR 5. liga SE-SI 2015/2016"]
[Site "?"]
[Date "2016.12.10"]
[Round "4.3"]
[White "Jankovic, Erik"]
[Black "Damborsky, Pavol"]
[Result "0-1"]
[WhiteElo "1000"]
[BlackElo "1676"]
[PlyCount "42"]
[EventDate "2016.??.??"]

1. e4 e5 2. Nc3 Nf6 3. Nf3 d6 4. d4 exd4 5. Qxd4 Nc6 6. Bb5 Bd7 7. Bxc6 Bxc6 8.
e5 dxe5 9. Qxe5+ Be7 10. Nb5 O-O 11. Qe2 Bb4+ 12. Bd2 Bxd2+ 13. Nxd2 Re8 14.
Qxe8+ Qxe8+ 15. Kd1 Bxb5 16. Re1 Qd7 17. Kc1 Rd8 18. Rd1 Be2 19. Rh1 Qxd2+ 20.
Kb1 Qd1+ 21. Rxd1 Rxd1# 0-1

[Event "SR 5. liga SE-SI 2015/2016"]
[Site "?"]
[Date "2016.12.10"]
[Round "4.3"]
[White "Pisecky, Jan"]
[Black "Buraj, Patrik"]
[Result "1-0"]
[WhiteElo "1440"]
[BlackElo "1000"]
[PlyCount "85"]
[EventDate "2016.??.??"]

1. e4 e5 2. Bc4 Nf6 3. d3 Nc6 4. a3 d5 5. exd5 Nxd5 6. Qf3 Be6 7. Nc3 Nxc3 8.
Bxe6 fxe6 9. bxc3 Qd5 10. Qh5+ g6 11. Qg4 O-O-O 12. Bb2 Bc5 13. Nf3 Rd7 14. O-O
h5 15. Qxg6 Rdh7 16. c4 Qd6 17. Rfe1 Rh6 18. Qe4 h4 19. Nxe5 Nxe5 20. Bxe5 Qe7
21. Bxh8 Rxh8 22. Qxe6+ Qd7 23. Qxd7+ Kxd7 24. a4 Bd6 25. Re4 h3 26. g3 c6 27.
d4 a6 28. c5 Bc7 29. Rae1 Bd8 30. f4 Rh7 31. f5 Re7 32. g4 Rxe4 33. Rxe4 b6 34.
cxb6 Bxb6 35. g5 c5 36. Re6 cxd4 37. Rxb6 a5 38. Re6 Kd8 39. g6 Kc7 40. g7 d3
41. g8=Q dxc2 42. Qf7+ Kd8 43. Re8# 1-0

[Event "SR 5. liga SE-SI 2015/2016"]
[Site "?"]
[Date "2016.12.10"]
[Round "4.3"]
[White "Viveiros, Cristino"]
[Black "Sprusansky, Ferdinand"]
[Result "0-1"]
[WhiteElo "1000"]
[BlackElo "1370"]
[PlyCount "48"]
[EventDate "2016.??.??"]

1. d4 d5 2. Nc3 Nf6 3. Nf3 Nc6 4. e4 dxe4 5. Nxe4 Nxe4 6. Be3 Bg4 7. h3 Bh5 8.
g4 Bg6 9. Qd3 e6 10. Bd2 Nxf2 11. Kxf2 Bxd3 12. Bxd3 Nxd4 13. Ne5 Qh4+ 14. Kg2
Bd6 15. Bf4 f6 16. Nc4 Bxf4 17. c3 Qg3+ 18. Kf1 Qxd3+ 19. Kf2 Qe2+ 20. Kg1 Be3+
21. Nxe3 Qxe3+ 22. Kg2 Qf3+ 23. Kg1 Ne2+ 24. Kh2 Qg3# 0-1